[Event "BEL-ch op"]
[Site "Namur"]
[Date "2006.07.07"]
[Round "6"]
[White "Steen, Pieter"]
[Black "Geuquet, Michael"]
[Result "0-1"]
[WhiteElo "2178"]
[BlackElo "1890"]
[PlyCount "50"]
[EventDate "2006.07.01"]
[EventType "swiss"]
[EventRounds "9"]
[EventCountry "BEL"]
[SourceTitle "CBM 113 Extra"]
[Source "ChessBase"]
[SourceDate "2006.09.14"]
[SourceVersion "1"]
[SourceVersionDate "2006.09.14"]
[SourceQuality "1"]

1. e4 c5 2. Nf3 d6 3. d4 cxd4 4. Nxd4 Nf6 5. Nc3 a6 6. Bg5 e6 7. f4 Nc6 8. Nxc6 bxc6 9. e5 h6 10. Bh4 g5 11. fxg5 Nd5 12. Nxd5 cxd5 13. Qh5 Qb6 14. Be2 Bg7 15. Rf1 Ra7 16. g6 0-0 17. Bf6 Qxb2 18. Rd1 dxe5 19. Rd3 Qb1+ 20. Bd1 Qb4+ 21. c3 Qe4+ 22. Be2 fxg6 23. Qh3 Rxf6 24. Rxf6 Bxf6 25. Qxh6 Qh4+ 0-1

[Event "BEL-ch U20"]
[Site "Worriken Buetgenbach"]
[Date "2004.04.04"]
[Round "2.1"]
[White "Geuquet, Michael"]
[Black "Vanderhallen, Nicolas"]
[Result "0-1"]
[WhiteElo "1908"]
[BlackElo "2073"]
[PlyCount "42"]
[EventDate "2004.04.03"]
[EventType "swiss"]
[EventRounds "9"]
[EventCountry "BEL"]
[SourceTitle "CBM 099 Extra"]
[Source "ChessBase"]
[SourceDate "2004.05.04"]
[SourceVersion "1"]
[SourceVersionDate "2004.05.04"]
[SourceQuality "1"]

1. e4 c5 2. Nf3 e6 3. d4 cxd4 4. Nxd4 Nf6 5. Nc3 d6 6. Be2 Be7 7. Be3 Nc6 8. f4 0-0 9. 0-0 a6 10. a4 Qc7 11. Nb3 b6 12. Bf3 Bb7 13. f5 Rfd8 14. Qe2 Nd7 15. Qf2 Rac8 16. g4 Nc5 17. h4 Nb4 18. h5 d5 19. e5 Nxb3 20. cxb3 d4 21. Bxd4 Rxd4 0-1